Análisis de la incidencia del miedo en la organización desde la perspectiva psicobiológica (Record no. 181176)
[ view plain ]
| 000 -CABECERA | |
|---|---|
| campo de control de longitud fija | 01596nab a2200301 a 4500 |
| 005 - FECHA Y HORA DE LA ÚLTIMA TRANSACCIÓN | |
| campo de control | 20210219162707.0 |
| 008 - ELEMENTOS DE LONGITUD FIJA--INFORMACIÓN GENERAL | |
| campo de control de longitud fija | 991125s1985 mx 000 0 spa u |
| 035 ## - NÚMERO DE CONTROL DEL SISTEMA | |
| Número de control de sistema | UPN01000209075 |
| 049 ## - COLECCIÓN | |
| Colección | ART-E |
| 100 1# - ASIENTO PRINCIPAL--NOMBRE PERSONAL | |
| Nombre de persona | Bedoya dorado, Cristian |
| 100 1# - ASIENTO PRINCIPAL--NOMBRE PERSONAL | |
| Nombre de persona | Velásquez Fernández, Andrey |
| 222 #0 - TÍTULO CLAVE | |
| Título clave | REVISTA COLOMBIANA DE PSICOLOGIA |
| 245 00 - MENCIÓN DE TÍTULO | |
| Título | Análisis de la incidencia del miedo en la organización desde la perspectiva psicobiológica |
| 260 ## - PUBLICACIÓN, DISTRIBUCIÓN, ETC. | |
| Lugar de publicación, distribución, etc. | Bogotá, Colombia |
| 300 ## - DESCRIPCIÓN FÍSICA | |
| Extensión | 351-362 |
| 362 0# - FECHAS DE PUBLICACIÓN Y/O DESIGNACIÓN SECUENCIAL | |
| Fecha de publicación y/o designación secuencial | 2014, Vol. 23, no. 2 (jul.-dic.) |
| 336 ## - TIPO DE CONTENIDO | |
| Término de tipo de contenido | texto$2rdacontent |
| 337 ## - TIPO DE MEDIO | |
| Nombre/término del tipo de medio | computadora$2rdamedia |
| 338 ## - TIPO DE SOPORTE | |
| Nombre/término del tipo de soporte | recurso en linea$2rdacarrier |
| 520 3# - NOTA DE RESUMEN, ETC. | |
| Sumario, etc. | La emoción del miedo ha sido un foco de atención por parte de teóricos de la administración en virtud de los efectos negativos que genera en las organizaciones. Sin embargo, las investigaciones realizadas se enfocaron en esclarecer cómo las organizaciones se ven afectadas por el miedo, sin formular argumentos que permitan una sólida explicación de por qué se presenta este fenómeno. En el presente artículo se hace una revisión teórica desde la perspectiva psicobiológica sobre la naturaleza del miedo y sus reacciones, con el objetivo de facilitar un mayor entendimiento sobre los efectos negativos de dicha emoción en las organizaciones. |
| 653 0# - TERMINO DE INDIZACION - NO CONTROLADO | |
| Término no controlado | EMOCIONES |
| 653 0# - TERMINO DE INDIZACION - NO CONTROLADO | |
| Término no controlado | MIEDO |
| 653 0# - TERMINO DE INDIZACION - NO CONTROLADO | |
| Término no controlado | SALUD |
| 653 0# - TERMINO DE INDIZACION - NO CONTROLADO | |
| Término no controlado | EFICIENCIA ORGANIZACIONAL |
| 856 4# - LOCALIZACIÓN Y ACCESO ELECTRÓNICOS | |
| Identificador Uniforme del Recurso | <a href="http://www.revistas.unal.edu.co/index.php/psicologia/article/view/38635/50364">http://www.revistas.unal.edu.co/index.php/psicologia/article/view/38635/50364</a> |
| 905 ## - TIPO DE MATERIAL | |
| Tipo de material | Articulo |
No items available.
